Encuesta demográfica nacional de Panamá años 1975-1976. Capítulo II: fecundidad
Guardat en:
| Autor corporatiu: | |
|---|---|
| Format: | Text |
| Publicat: |
Panamá:
La Dirección
|
| Etiquetes: |
Afegir etiqueta
Sense etiquetes, Sigues el primer a etiquetar aquest registre!
|
MARC
| LEADER | 00000 a a2200000 04500 | ||
|---|---|---|---|
| 001 | 15753 | ||
| 003 | |||
| 040 | |a CRAI/IIS |c CRAI/IIS | ||
| 090 | |a EXTRAVIADO | ||
| 110 | |a Panamá. Direción de Estadística y Censo | ||
| 245 | |a Encuesta demográfica nacional de Panamá años 1975-1976. Capítulo II: fecundidad | ||
| 260 | |a Panamá: |b La Dirección | ||
| 300 | |a 8; 72 p. | ||
| 999 | |c 14360 |d 14360 | ||
